Bilecik Bilecik Bilecik Bilecik Bilecik

Telif kazançlarının hukuki mahiyeti ve vergilendirilmesi/ (Record no. 6252)

MARC details
000 -BAŞLIK
Sabit Uzunluktaki Kontrol Alanı 01377nam a22003857a 4500
001 - KONTROL NUMARASI
Control Dosyası 0006271
003 - KONTROL NUMARASI KİMLİĞİ
Kontrol Alanı KOHA_MİRAKIL
005 - EN SON İŞLEM TARİHİ ve ZAMANI
Kontrol Alanı 20260207001517.0
007 - FİZİKSEL TANIM SABİT ALAN - GENEL BİLGİ
Sabit uzunluklu kontrol alanı ta
008 - SABİT UZUNLUKTAKİ VERİ ÖGELERİ - GENEL BİLGİ
Sabit Alan 090619b2000 tu |||gr||||#||||0|tur |
020 ## - ISBN - ULUSLARARASI STANDART KİTAP NUMARASI
Isbn 9751724414
Kullanılabilirlik koşulları 0,01
040 ## - KATALOGLAMA KAYNAĞI
Özgün Kataloglama Kurumu TR-BiSEU
Kataloglama Dili tur
Çeviri Kurumu TR-BiSEU
Açıklama Kuralları rda
041 0# - DİL KODU
Metin ya da ses kaydının dil kodu tur
044 ## - YAYINLAYAN/ÜRETEN KURULUŞUN ÜLKE KODU
ISO country code tu
050 ## - SINIFLAMA ve YER NUMARASI
Sınıflama Numarası KKX1155
Yer Numarası .D86 2000
100 1# - KİŞİ ADI
Yazar Adı (Kişi adı) Duman, Ömer.
245 1# - ESER ADI BİLDİRİMİ
Başlık Telif kazançlarının hukuki mahiyeti ve vergilendirilmesi/
Sorumluluk Bildirimi Ömer Duman ; Ömer Duman, Nazmi Karyağdı.
264 #1 - ÜRERİM, YAYIN, DAĞITIM ve TELİF BİLDİRİMİ
Yayın yeri Ankara :
Yayınlayan Kültür Bakanlığı
Yayın tarihi 2000
300 ## - FİZİKSEL TANIMLAMA
Sayfa, Cilt vb. xix, 337 sayfa
336 ## - İÇERİK TÜRÜ
Content type term metin
Content type code txt
Source rdacontent
337 ## - MEDYA TÜRÜ
Media type term aracısız
Media type code n
Source rdamedia
338 ## - TAŞIYICI TÜRÜ
Carrier type term cilt
Carrier type code nc
Source rdacarrier
490 1# - DİZİ BİLDİRİMİ
Dizi Bildirimi Kültür Bakanlığı yayınları ;2403.
490 1# - DİZİ BİLDİRİMİ
Dizi Bildirimi Yayımlar dairesi başkanlığı kültür eserleri dizisi ;
Cilt Numarası 257.
500 ## - GENEL NOT
Genel Not Kaynakça var.
650 #0 - KONU BAŞLIĞI EK GİRİŞ - KONU TERİMİ
Konusal terim veya coğrafi ad Copyright--Turkey.
9 (RLIN) 15564
650 #0 - KONU BAŞLIĞI EK GİRİŞ - KONU TERİMİ
Konusal terim veya coğrafi ad Cultural property--Law and legislation--Turkey.
9 (RLIN) 15565
650 #0 - KONU BAŞLIĞI EK GİRİŞ - KONU TERİMİ
Konusal terim veya coğrafi ad Taxation--Turkey.
9 (RLIN) 3960
650 #0 - KONU BAŞLIĞI EK GİRİŞ - KONU TERİMİ
Konusal terim veya coğrafi ad Vergilendirme--Türkiye.
9 (RLIN) 3958
650 #0 - KONU BAŞLIĞI EK GİRİŞ - KONU TERİMİ
Konusal terim veya coğrafi ad Telif hakkı--Türkiye.
9 (RLIN) 15566
650 #0 - KONU BAŞLIĞI EK GİRİŞ - KONU TERİMİ
Konusal terim veya coğrafi ad Kültürel varlıklar--Hukuk ve yasama--Türkiye.
9 (RLIN) 15567
830 1# - SERİ EK GİRİŞİ - TEKBİÇİM ESER ADI
Tekbiçim Başlık Kültür Bakanlığı yayınları ;2403.
9 (RLIN) 15568
830 1# - SERİ EK GİRİŞİ - TEKBİÇİM ESER ADI
Tekbiçim Başlık Yayımlar dairesi başkanlığı kültür eserleri dizisi ;
Volume number/sequential designation 257.
9 (RLIN) 15569
942 ## - EK GİRİŞ ÖGELERİ (KOHA)
Source of classification or shelving scheme Library of Congress Classification
Koha item type Book
Holdings
Materyal Türü Kalıcı Konum Mevcut Konum Raf Yeri Sınıflandırma Kaynağı Edinim Bilgisi Ana Konular Alt Konular Yer Numarası Demirbaş Numarası Fatura Tarihi Geri Çekilme Durumu Kayıp Durumu Hasarlı Durumu Kredi için değil Kayıt Tarih Toplam Ödünçverme Son Görülme Tarihi Son Kontrol Tarihi Genel / Bağış Notu
Book Prof. Dr. Azmi Özcan Kütüphanesi Prof. Dr. Azmi Özcan Kütüphanesi Uluğbey Salonu Library of Congress Classification Bağış HUKUK Türkiye Hukuku KKX1155 .D86 2000 0006271 13/08/2010         19/06/2009   05/12/2024 05/12/2024 Genel Bağış